| 000 | 00472nmm a2200157Ia 4500 | ||
|---|---|---|---|
| 008 | 251105s9999||||xx |||||||||||||||||und|| | ||
| 020 | _a9788412291896 | ||
| 041 | _aspa | ||
| 100 | _aLatiendo Juntos | ||
| 245 | 0 | _aNuestros guerreros del corazón | |
| 264 |
_a[Madrid, España] : _bEdiciones Arcanas, _c[Fecha de publicación no identificada] |
||
| 300 | _a0 páginas | ||
| 650 | _aBiography | ||
| 856 | _uhttps://public.digitaliapublishing.com/a/100518 | ||
| 942 | _cCF | ||
| 999 |
_c76209 _d76209 |
||